[Event "AUTO-ELITE-765"]
[Site "http://www.queenalice.com/game.php?id=965505"]
[Date "2011.7.27"]
[Round "2"]
[White "Chuzete"]
[Black "Brandon"]
[Result "1/2-1/2"]
[WhiteElo "2402"]
[BlackElo "2678"]

1. e4 e5 2. Nf3 Nc6 3. Bb5 a6 4. Bxc6 dxc6 5. O-O Qd6 6. d4 exd4 7. Nxd4 Bd7 8.
Be3 O-O-O 9. Nd2 Nh6 10. f3 f5 11. Qe2 Qf6 12. Rad1 Bd6 13. N4b3 Rhe8 14. Nc4
fxe4 15. Nxd6+ cxd6 16. fxe4 Bg4 17. Qd3 Qe6 18. Rde1 Qxe4 19. Qc3 Qe5 20. Qd2
Qd5 21. Bxh6 Rxe1 22. Rxe1 gxh6 23. Qxd5 cxd5 24. Re7 Bf5 25. Nd4 Be4 26. Rf7
1/2-1/2

[Event "AUTO-ELITE-765"]
[Site "http://www.queenalice.com/game.php?id=965506"]
[Date "2011.7.27"]
[Round "2"]
[White "Brandon"]
[Black "Chuzete"]
[Result "1-0"]
[WhiteElo "2675"]
[BlackElo "2405"]

1. e4 c5 2. Nf3 d6 3. d4 cxd4 4. Nxd4 Nf6 5. Nc3 a6 6. Bg5 e6 7. f4 Be7 8. Qf3
Qc7 9. O-O-O Nbd7 10. Bd3 b5 11. Rhe1 Bb7 12. Qg3 O-O-O 13. Bxf6 Nxf6 14. Qxg7
Rdf8 15. Qg3 b4 16. Na4 Rhg8 17. Qf2 Nd7 18. Kb1 Kb8 19. Qf1 Qa5 20. b3 Rc8 21.
f5 e5 22. Nf3 Rg4 23. Nd2 Qc7 24. g3 a5 25. Nc4 Nf6 26. Ne3 1-0

[Event "Pinone"]
[Site "http://www.queenalice.com/game.php?id=972977"]
[Date "2011.8.15"]
[Round "4"]
[White "Brandon"]
[Black "headhunter"]
[Result "1/2-1/2"]
[WhiteElo "2660"]
[BlackElo "2540"]

1. e4 c5 2. Nf3 d6 3. d4 cxd4 4. Nxd4 Nf6 5. Nc3 a6 6. Bg5 e6 7. Qf3 Nbd7 8.
O-O-O Qc7 9. Qg3 Be7 10. f4 h6 11. Bh4 b5 12. f5 Ne5 13. Qxg7 Rg8 14. Bxb5+ axb5
15. Ndxb5 Qxc3 16. Qxg8+ Nxg8 17. bxc3 Bxh4 18. Nc7+ Ke7 19. Nxa8 Nf6 20. fxe6
fxe6 21. Nb6 Bb7 22. Rd4 Bf2 23. Rhd1 Nc6 24. e5 Nxe5 25. Rb4 Be3+ 26. Kb1 Bc5
27. a4 Bxg2 28. a5 Bb7 29. Na4 Bxb4 30. cxb4 Nc6 31. c3 Ba6 32. Kc2 Ne4 33. Rg1
Kf7 34. Nb6 d5 35. Rb1 Nd6 36. Nd7 e5 37. Nc5 Bb5 38. Rd1 Bc4 39. a6 1/2-1/2

[Event "sical"]
[Site "http://www.queenalice.com/game.php?id=974098"]
[Date "2011.8.18"]
[Round "1"]
[White "Pollyanna"]
[Black "Brandon"]
[Result "1/2-1/2"]
[WhiteElo "2521"]
[BlackElo "2672"]

1. d4 Nf6 2. c4 e6 3. Nc3 Bb4 4. Qc2 O-O 5. a3 Bxc3+ 6. Qxc3 b6 7. Bg5 Bb7 8. f3
h6 9. Bh4 d5 10. e3 Nbd7 11. cxd5 Nxd5 12. Bxd8 Nxc3 13. Bh4 Nd5 14. Kf2 c5 15.
Ne2 f5 16. Bg3 Rac8 17. Re1 Ba6 18. Nf4 Bxf1 19. Rhxf1 Rfe8 20. Nxd5 exd5 21.
Rc1 g5 22. Rfd1 cxd4 23. Rxc8 dxe3+ 24. Ke2 Rxc8 25. Rxd5 f4 26. Rxd7 Rc2+ 27.
Kf1 fxg3 28. hxg3 Rf2+ 29. Ke1 Rxg2 30. g4 a5 31. b4 axb4 32. axb4 b5 33. Rb7
Rf2 34. Rxb5 Rxf3 35. Rb6 Kg7 36. Rb7+ Kf6 1/2-1/2

[Event "AUTO-ELITE-651"]
[Site "http://www.queenalice.com/game.php?id=981751"]
[Date "2011.9.5"]
[Round "2"]
[White "Brandon"]
[Black "amed66"]
[Result "1/2-1/2"]
[WhiteElo "2655"]
[BlackElo "2540"]

1. e4 e5 2. Nf3 Nc6 3. Bb5 a6 4. Ba4 Nf6 5. O-O b5 6. Bb3 Bc5 7. a4 Rb8 8. c3 d6
9. d4 Bb6 10. Na3 O-O 11. axb5 axb5 12. Nxb5 exd4 13. cxd4 Bg4 14. Be3 Nxe4 15.
Qc2 Na5 16. Qxe4 Bxf3 17. Qxf3 Nxb3 18. Ra3 Na5 19. Rc1 d5 20. Bf4 Nc4 21. Rac3
Ba5 22. Bxc7 Bxc7 23. Nxc7 Qxc7 24. b3 Rb4 25. h4 Nd2 26. Qe3 Nc4 27. bxc4 Rxc4
1/2-1/2

[Event "QA-ANNIV-07"]
[Site "http://www.queenalice.com/game.php?id=992245"]
[Date "2011.10.1"]
[Round "2"]
[White "Brandon"]
[Black "kadu10"]
[Result "1-0"]
[WhiteElo "2672"]
[BlackElo "1783"]

1. e4 e5 2. Nf3 Nf6 3. Nxe5 Qe7 4. Nf3 Nxe4 5. Be2 Qd8 6. O-O Be7 7. c4 O-O 8.
Re1 d6 9. d3 Nf6 10. Nc3 Nc6 11. d4 h6 12. Qb3 b6 13. d5 Nd4 14. Nxd4 Bb7 15.
Nc6 Qd7 16. Be3 Bxc6 17. dxc6 Qe8 18. Qc2 a6 19. Bf3 Qd8 20. Re2 Re8 21. Bd4 Ra7
22. Rae1 Kf8 23. Bxf6 gxf6 24. Qh7 1-0

[Event "Pinone"]
[Site "http://www.queenalice.com/game.php?id=995539"]
[Date "2011.10.10"]
[Round "5"]
[White "AndyWo"]
[Black "Brandon"]
[Result "1-0"]
[WhiteElo "2626"]
[BlackElo "2664"]

1. e4 c5 2. Nf3 d6 3. d4 cxd4 4. Nxd4 Nf6 5. Nc3 Nc6 6. Bg5 e6 7. Qd2 a6 8.
O-O-O Bd7 9. f4 b5 10. Bxf6 gxf6 11. Kb1 Qb6 12. Nxc6 Bxc6 13. Qe1 Ra7 14. f5
Qc5 15. Bd3 b4 16. Ne2 Bh6 17. Nc1 e5 18. Nb3 Qb6 19. Bc4 Rd7 20. Qe2 a5 21. Qh5
Bf8 22. Bd5 Bb5 23. Rc1 Rc7 24. c4 Ba6 25. Rc2 a4 26. Nc1 h6 27. b3 Bg7 28. bxa4
Qa5 29. Rd1 O-O 30. h4 Rd8 31. g4 Bb7 32. g5 hxg5 33. hxg5 Kf8 34. Nb3 Qa8 35.
a5 Bxd5 36. Rxd5 Ke7 37. g6 fxg6 38. Qxg6 1-0

[Event "AUTO-ELITE-676"]
[Site "http://www.queenalice.com/game.php?id=1003097"]
[Date "2011.10.30"]
[Round "2"]
[White "iamtherealtylerdurden"]
[Black "Brandon"]
[Result "1-0"]
[WhiteElo "2535"]
[BlackElo "2653"]

1. d4 Nf6 2. Nc3 d5 3. Bg5 c6 4. e3 Bf5 5. Bd3 e6 6. Bxf5 exf5 7. Qf3 h6 8. Bh4
g6 9. Bxf6 Qxf6 10. g4 Nd7 11. gxf5 Qxf5 12. Qxf5 1-0

[Event "AUTO-ELITE-1270"]
[Site "http://www.queenalice.com/game.php?id=1247725"]
[Date "2014.1.13"]
[Round "1"]
[White "Brandon"]
[Black "BartolomeuDias"]
[Result "1/2-1/2"]
[WhiteElo "2638"]
[BlackElo "2567"]

1. e4 e5 2. Nf3 Nc6 3. Bc4 Nf6 4. d3 Bc5 5. c3 a6 6. O-O d6 7. Bb3 O-O 8. Nbd2
b5 9. Re1 h6 10. Nf1 Bd7 11. h3 Bb6 12. Be3 Rb8 13. Bxb6 Rxb6 14. Ne3 Ne7 15. a4
Ng6 16. Bc2 1/2-1/2

[Event "AUTO-ELITE-1270"]
[Site "http://www.queenalice.com/game.php?id=1247726"]
[Date "2014.1.13"]
[Round "1"]
[White "BartolomeuDias"]
[Black "Brandon"]
[Result "1/2-1/2"]
[WhiteElo "2566"]
[BlackElo "2639"]

1. d4 d5 2. Bf4 Nf6 3. e3 c5 4. Nf3 Nc6 5. h3 Ne4 6. c3 Qb6 7. Qb3 c4 8. Qxb6
axb6 9. Nfd2 Nxd2 10. Nxd2 b5 11. e4 e6 12. Be2 b4 13. Bf3 bxc3 14. bxc3 Ne7 15.
O-O dxe4 1/2-1/2

[Event "AUTO-ELITE-1270"]
[Site "http://www.queenalice.com/game.php?id=1247727"]
[Date "2014.1.13"]
[Round "1"]
[White "Brandon"]
[Black "trompmaster"]
[Result "1/2-1/2"]
[WhiteElo "2643"]
[BlackElo "2421"]

1. e4 d6 2. d4 Nf6 3. Nc3 c6 4. Nf3 Bg4 5. h3 Bh5 6. Be3 e6 7. Bd3 d5 8. O-O Be7
9. e5 Nfd7 10. Na4 a6 11. b4 Bxf3 12. Qxf3 Bxb4 13. Rab1 Qa5 14. Nc5 1/2-1/2

[Event "AUTO-ELITE-1270"]
[Site "http://www.queenalice.com/game.php?id=1247728"]
[Date "2014.1.13"]
[Round "1"]
[White "trompmaster"]
[Black "Brandon"]
[Result "1/2-1/2"]
[WhiteElo "2358"]
[BlackElo "2637"]

1. e4 c5 2. Na3 Nc6 3. Bb5 Nf6 4. d3 e5 5. Nf3 Qc7 6. O-O d6 7. h3 a6 8. Bxc6+
Qxc6 9. Nc4 b5 10. Ne3 Be7 11. Bd2 O-O 12. Qe2 c4 13. a4 cxd3 14. cxd3 bxa4 15.
Rfc1 Qb5 16. Rc4 Qxb2 17. Raxa4 Qb7 18. Ba5 d5 19. exd5 Nxd5 20. Nxe5 Nxe3 21.
Qxe3 Be6 22. Rc6 Qb5 23. Ra1 Rfc8 24. Rc3 Bd6 25. Nc4 Bxc4 26. dxc4 Rxc4 27.
Rxc4 Qxc4 28. Rd1 Bf8 29. Bc3 Qb5 30. Qe4 Rc8 31. Qe1 Qb3 32. Bd2 Re8 33. Qf1 h6
34. Ra1 Bc5 35. Rxa6 Rd8 36. Qc1 Bb4 37. Bxb4 Rd1+ 38. Qxd1 Qxd1+ 39. Kh2 Qd4
40. Bd6 Qxf2 41. Bg3 Qe2 42. Rd6 Qe3 43. Rd5 g5 44. Re5 Qd3 45. Rc5 Qd7 46. Rc7
Qe6 47. Bf2 f5 48. Kg1 f4 49. Ra7 h5 50. Ra4 g4 51. Rxf4 gxh3 1/2-1/2

[Event "AUTO-ELITE-1683"]
[Site "http://www.queenalice.com/game.php?id=1422609"]
[Date "2016.5.12"]
[Round "1"]
[White "Brandon"]
[Black "Constante"]
[Result "1-0"]
[WhiteElo "2635"]
[BlackElo "2267"]

1. e4 c6 2. d4 d5 3. e5 c5 4. dxc5 e6 5. a3 Bxc5 6. Qg4 Ne7 7. b4 Bb6 8. Nf3 Ng6
9. Bd3 f5 10. exf6 Qxf6 11. O-O Nc6 12. Qh5 Bd7 13. Ra2 O-O-O 14. Bg5 Nf4 15.
Qh4 Ng6 16. Bxf6 Nxh4 17. Bxh4 Rdf8 18. c4 dxc4 19. Bxc4 h6 20. Rd1 Rf4 21. Rc2
a6 22. Bg3 Rg4 23. Bb3 1-0

[Event "AUTO-ELITE-1683"]
[Site "http://www.queenalice.com/game.php?id=1422610"]
[Date "2016.5.12"]
[Round "1"]
[White "Constante"]
[Black "Brandon"]
[Result "0-1"]
[WhiteElo "2247"]
[BlackElo "2630"]

1. e4 c5 2. Nf3 Nc6 3. c3 g6 4. d4 cxd4 5. cxd4 Bg7 6. Nc3 d6 7. h3 Bd7 8. Be3
e6 9. Qd2 Nge7 10. Be2 d5 11. O-O dxe4 12. Nxe4 O-O 13. Bh6 Bxh6 14. Qxh6 Nf5
15. Qd2 Na5 16. b4 Bc6 17. Qd3 Bxe4 18. Qxe4 Nc6 19. Rfd1 Nxb4 20. Qxb7 Nc2 21.
d5 Nxa1 22. Rxa1 Qxd5 23. Qxd5 exd5 24. Bd1 Rfd8 25. Bb3 a5 26. g4 a4 0-1

[Event "AUTO-ELITE-1683"]
[Site "http://www.queenalice.com/game.php?id=1422612"]
[Date "2016.5.12"]
[Round "1"]
[White "Diemerlin"]
[Black "Brandon"]
[Result "1/2-1/2"]
[WhiteElo "2317"]
[BlackElo "2636"]

1. e4 c5 2. d4 cxd4 3. c3 dxc3 4. Nxc3 e6 5. Nf3 a6 6. Bc4 Nc6 7. O-O Nge7 8.
Bg5 d6 9. Qe2 h6 10. Be3 b5 11. Bb3 Na5 12. Nd4 Nxb3 13. axb3 Bb7 14. f4 Qd7 15.
Rad1 1/2-1/2

[Event "Let's Play Chess!"]
[Site "http://www.queenalice.com/game.php?id=1422636"]
[Date "2016.5.15"]
[Round "-"]
[White "Brandon"]
[Black "pickles"]
[Result "1-0"]
[WhiteElo "2631"]
[BlackElo "2524"]

1. e4 e5 2. Nf3 Nc6 3. Bb5 a6 4. Bxc6 dxc6 5. O-O f6 6. d4 exd4 7. Nxd4 c5 8.
Ne2 Qxd1 9. Rxd1 Bd7 10. Nbc3 O-O-O 11. Be3 Re8 12. Rd2 Bc6 13. Rad1 b6 14. f3
Ne7 15. Nf4 Ng6 16. Ncd5 Ne5 17. b3 Kb7 18. Nh5 f5 19. Ng3 fxe4 20. Nxe4 c4 21.
Bf4 cxb3 22. axb3 h5 23. h4 Ba3 24. Ra1 Bb2 25. Rb1 Rhf8 26. Bh2 Ba3 27. b4 Rd8
28. Bxe5 Rxd5 29. Bxg7 Rfd8 30. Bc3 Rxd2 31. Nxd2 1-0

[Event "AUTO-ELITE-1683"]
[Site "http://www.queenalice.com/game.php?id=1441146"]
[Date "2016.9.13"]
[Round "2"]
[White "Brandon"]
[Black "TigranPetrosian"]
[Result "1/2-1/2"]
[WhiteElo "2634"]
[BlackElo "2512"]

1. e4 c5 2. Nf3 d6 3. d4 cxd4 4. Nxd4 Nf6 5. Nc3 a6 6. Bg5 e6 7. Qd2 Nc6 8.
O-O-O Bd7 9. f4 b5 10. a3 Qb6 11. e5 dxe5 12. Nf3 Bc5 13. fxe5 Nd5 14. Nxd5 exd5
15. Qxd5 Be6 16. Qe4 h6 17. Bd2 Rd8 18. Bd3 Ne7 19. Bb4 Bxb4 20. axb4 Bd5 21.
Qh4 Nc6 22. e6 Bxe6 23. Qe4 Kf8 24. Rhe1 Qc7 25. Qh4 Kg8 26. c3 Rd5 27. g3 g5
28. Qe4 Kg7 29. Bc2 Rxd1+ 30. Rxd1 Bc8 31. h4 1/2-1/2

[Event "AUTO-ELITE-1683"]
[Site "http://www.queenalice.com/game.php?id=1441147"]
[Date "2016.9.13"]
[Round "2"]
[White "TigranPetrosian"]
[Black "Brandon"]
[Result "1/2-1/2"]
[WhiteElo "2508"]
[BlackElo "2637"]

1. e4 c5 2. Nf3 d6 3. d4 cxd4 4. Nxd4 Nf6 5. Nc3 a6 6. Bg5 e6 7. f4 Qc7 8. Bxf6
gxf6 9. Qd2 Nc6 10. O-O-O Bd7 11. Be2 h5 12. Kb1 O-O-O 13. Nb3 Kb8 14. Bf3 Na5
15. Nxa5 Qxa5 16. Qe3 Qc7 17. Rd3 Rc8 18. Rhd1 h4 19. Qd2 Be7 20. Ne2 Bb5 21.
Re3 Qb6 22. Nd4 Ba4 23. Rc1 Rc7 24. Rd3 Bd7 25. Rb3 Qa7 26. a3 1/2-1/2